[Event "AUTO-MASTER-1270"]
[Site "http://www.queenalice.com/game.php?id=923814"]
[Date "2011.4.9"]
[Round "2"]
[White "Catalin"]
[Black "cdyray"]
[Result "1-0"]
[WhiteElo "2242"]
[BlackElo "2010"]

1. e4 c5 2. c3 Nc6 3. Bb5 Nf6 4. d3 e6 5. Nf3 Be7 6. e5 Nd5 7. O-O O-O 8. c4 Nc7
9. Bxc6 bxc6 10. Nc3 f5 11. Qa4 a5 12. Bd2 g5 13. Nd1 Ne8 14. Bc3 Rf7 15. Nd2
Ng7 16. Nb3 Qe8 17. Ne3 Nh5 18. Rfd1 Rg7 19. a3 g4 20. Nf1 f4 21. Rd2 Qg6 22.
Nxa5 Bd8 23. Rad1 g3 24. f3 gxh2+ 25. Nxh2 Ng3 26. Re1 h5 27. b3 Nf5 28. b4 Qg3
29. Rf2 Bh4 30. Rb2 Ne3 31. Ree2 Qg5 32. Nf1 Nxf1 33. Kxf1 Qg3 34. bxc5 Qh2 35.
Bd4 Qh1+ 36. Bg1 Bd8 37. Re4 Rxa5 38. Qb4 Ra8 39. Rxf4 Bg5 40. Re4 Bc1 41. Ra2
Bxa3 42. Qb3 Bxc5 43. d4 Rxa2 44. Qxa2 Bb6 45. c5 Bd8 46. Re2 Bg5 47. Qa8 Be3
48. Qxc8+ Kh7 49. Rxe3 Qxg2+ 50. Ke1 1-0

[Event "AUTO-MASTER-1270"]
[Site "http://www.queenalice.com/game.php?id=923815"]
[Date "2011.4.9"]
[Round "2"]
[White "cdyray"]
[Black "Catalin"]
[Result "0-1"]
[WhiteElo "2003"]
[BlackElo "2247"]

1. e4 e5 2. Nf3 Nc6 3. d3 Be7 4. Be2 d5 5. Nbd2 Nf6 6. c3 O-O 7. O-O Bg4 8. h3
dxe4 9. dxe4 Bxf3 10. Bxf3 a5 11. a4 b6 12. Qe2 Qd7 13. Nc4 Rad8 14. Be3 Qd3 15.
Qxd3 Rxd3 16. Rfd1 Rfd8 17. Rxd3 Rxd3 18. Nd2 Bc5 19. Bxc5 Rxd2 20. Ba3 Nb8 21.
Kf1 c5 22. Ke1 Rd7 23. Rd1 Kf8 24. Rxd7 Nfxd7 25. b3 g5 26. Bc1 f6 27. Ke2 Ke7
28. Kd3 Nf8 29. Kc4 h6 30. Kb5 Nbd7 31. Kc6 Ne6 32. g3 Ke8 33. Bg4 Nef8 34. Kd6
Kd8 35. Bf5 Nb8 36. h4 Nbd7 37. hxg5 hxg5 38. Bd2 Nb8 39. f4 gxf4 40. gxf4 Nbd7
41. Be3 exf4 42. Bxf4 c4 43. bxc4 Nc5 44. Bh6 Ke8 45. Kc6 Nxa4 46. Kb5 Nxc3+ 47.
Kxb6 a4 48. Bc1 Nd7+ 49. Kc7 Ne5 50. c5 Nb5+ 0-1

[Event "AUTO-MASTER-1270"]
[Site "http://www.queenalice.com/game.php?id=923816"]
[Date "2011.4.9"]
[Round "2"]
[White "technicaldraw"]
[Black "cdyray"]
[Result "0-1"]
[WhiteElo "2110"]
[BlackElo "2085"]

1. e4 c5 2. Nf3 e6 3. d4 cxd4 4. Nxd4 Nf6 5. Nc3 a6 6. Bd3 Bc5 7. Nb3 Bb4 8. Bd2
Qc7 9. a3 Be7 10. f4 b5 11. e5 Ng8 12. O-O Bb7 13. Qg4 g6 14. Rae1 h5 15. Qg3
Nh6 16. h3 h4 17. Qe3 Nf5 18. Bxf5 gxf5 19. Kh1 Rg8 20. Rf2 Rg3 21. Qe2 Rxh3+
22. Kg1 Rg3 23. Qf1 h3 24. Kh2 hxg2 25. Qg1 Rg4 26. Re3 Bh4 27. Rfe2 Qc4 28. Rh3
a5 29. Nc1 Na6 30. b3 Qc6 31. Nd3 O-O-O 32. Nf2 Bg3+ 33. Rxg3 Rxg3 0-1

[Event "AUTO-MASTER-1270"]
[Site "http://www.queenalice.com/game.php?id=923817"]
[Date "2011.4.9"]
[Round "2"]
[White "cdyray"]
[Black "technicaldraw"]
[Result "1-0"]
[WhiteElo "2102"]
[BlackElo "2061"]

1. e4 c5 2. Nf3 e6 3. d4 cxd4 4. Nxd4 a6 5. f4 Nc6 6. Nxc6 bxc6 7. Be3 Nf6 8.
Bd3 Bb4+ 9. Nd2 a5 10. Qe2 Bxd2+ 11. Bxd2 Qb6 12. Bc3 Ba6 13. O-O-O a4 14. Bxa6
Qxa6 15. Qf3 a3 16. b3 c5 17. g4 Qc6 18. Rhe1 c4 19. g5 Ng8 20. Kb1 f6 21. Qh5+
g6 22. Qh3 cxb3 23. cxb3 Rc8 24. Rc1 Qa6 25. gxf6 Kf7 26. f5 Nxf6 27. e5 Nd5 28.
fxe6+ Qxe6 29. Rf1+ Kg7 30. Rf3 Nxc3+ 31. Rfxc3 Qxh3 32. Rxh3 Rxc1+ 33. Kxc1 Re8
34. b4 Ra8 35. Rf3 Rc8+ 36. Kd2 Rb8 37. Kc3 Rc8+ 38. Kb3 Ra8 39. b5 h5 40. Kb4
g5 41. Rxa3 Rb8 42. Ra7 1-0

[Event "AUTO-OPEN-2098"]
[Site "http://www.queenalice.com/game.php?id=931934"]
[Date "2011.4.29"]
[Round "2"]
[White "ReiNato"]
[Black "cdyray"]
[Result "0-1"]
[WhiteElo "1814"]
[BlackElo "2108"]

1. e4 c5 2. Nf3 e6 3. Bc4 Be7 4. O-O Nc6 5. d4 cxd4 6. Nxd4 a6 7. Nxc6 bxc6 8.
Nc3 d5 9. exd5 cxd5 10. Bb3 Nf6 11. Bg5 O-O 12. Bxf6 gxf6 13. Ne2 Kh8 14. Ng3
Rg8 15. c3 Bb7 16. Bc2 f5 17. f4 Bc5+ 18. Kh1 Qh4 19. Qd3 Rg4 20. b4 Be7 21. Bd1
Rg6 22. a3 Rag8 23. Kg1 Rh6 24. Kf2 Qxf4+ 25. Bf3 Bf6 26. Rh1 Qh4 27. Ke2 Rc8
28. Rac1 Rd8 29. Rcf1 f4 30. Nf5 exf5 31. Qxf5 Bc8 32. Qd3 d4 33. c4 Qg5 34. c5
Bg4 35. Bxg4 Qxg4+ 36. Qf3 d3+ 37. Kd2 Qe6 38. Qxf4 Qe2+ 39. Kc1 Qc2# 0-1

[Event "AUTO-OPEN-2098"]
[Site "http://www.queenalice.com/game.php?id=931935"]
[Date "2011.4.29"]
[Round "2"]
[White "cdyray"]
[Black "ReiNato"]
[Result "1-0"]
[WhiteElo "2074"]
[BlackElo "1769"]

1. e4 c6 2. d4 e6 3. Nf3 Ne7 4. Bd3 Ng6 5. h4 Be7 6. h5 Nh4 7. Nxh4 Bxh4 8. Qg4
Bxf2+ 9. Kxf2 Qf6+ 10. Ke3 d6 11. Rf1 Qe7 12. Qxg7 Rf8 13. Ke2 Kd7 14. Bh6 Ke8
15. Qxf8+ Qxf8 16. Bxf8 Kxf8 17. e5 dxe5 18. dxe5 Kg7 19. Nd2 Nd7 20. h6+ Kh8
21. Rxf7 Nxe5 22. Rf8# 1-0

[Event "AUTO-OPEN-2098"]
[Site "http://www.queenalice.com/game.php?id=931940"]
[Date "2011.4.29"]
[Round "2"]
[White "cdyray"]
[Black "Parma"]
[Result "1-0"]
[WhiteElo "2091"]
[BlackElo "1747"]

1. e4 c5 2. Nf3 e6 3. d4 cxd4 4. Nxd4 d6 5. Nc3 Be7 6. Be3 Nf6 7. Bd3 e5 8. Nb3
O-O 9. O-O a6 10. Nd5 Nxd5 11. exd5 Nd7 12. a4 Nf6 13. f3 h6 14. c4 Bd7 15. a5
b5 16. axb6 Qb8 17. Na5 Bd8 18. Qb3 Bc8 19. Nc6 Qb7 20. Ra3 Nd7 21. Na5 Qb8 22.
b7 Nc5 23. Bxc5 dxc5 24. bxa8=Q Qxa8 25. Nc6 Bf6 26. Qb8 Qxb8 27. Nxb8 Bg5 28.
Nxa6 Be3+ 29. Kh1 Bd4 30. b3 Bb7 31. Nc7 g6 32. Nb5 1-0

[Event "AUTO-OPEN-2098"]
[Site "http://www.queenalice.com/game.php?id=931941"]
[Date "2011.4.29"]
[Round "2"]
[White "Parma"]
[Black "cdyray"]
[Result "1-0"]
[WhiteElo "1717"]
[BlackElo "2116"]

1. d4 d5 2. c4 c6 3. e3 Nf6 4. Nf3 e6 5. Be2 Nbd7 6. O-O Be7 7. Nc3 O-O 8. a3 a5
9. Bd2 dxc4 10. Bxc4 b5 11. Bd3 Nd5 12. Nxd5 exd5 13. Qc2 Nf6 14. Qxc6 Bd7 15.
Qc2 Rc8 16. Qb3 a4 17. Qd1 h6 18. Qe2 Qb6 19. Ne5 Rb8 20. Rac1 Be8 21. Bb4 Bxb4
22. axb4 Qd6 23. Rc5 Nd7 24. Nxd7 Bxd7 25. Bxb5 Bxb5 26. Rxb5 Rxb5 27. Qxb5 Rb8
28. Qxa4 Rxb4 29. Qa2 Qc6 30. g3 Qb5 31. Rb1 Rb3 32. h4 Kh7 33. h5 Qd3 34. Rc1
g6 35. hxg6+ Kxg6 36. Qb1 Qxb1 37. Rxb1 Kf5 38. Kf1 h5 39. Ke1 Ke4 40. Ke2 f6
41. f3+ Kf5 42. Kd2 Ke6 43. g4 1-0